Entry Nombre personal
001 - NÚMERO DE CONTROL
- campo de control: 24849
003 - IDENTIFICADOR DEL NÚMERO DE CONTROL
- campo de control: BNPHU
005 - FECHA Y HORA DE LA ÚLTIMA TRANSACCIÓN
- campo de control: 20240229161930.0
008 - DATOS DE LONGITUD FIJA
- campo de control de longitud fija: 200615|| aca||aabn | a|a d
010 ## - NÚMERO DE CONTROL DE LA BIBLIOTECA DEL CONGRESO
- Número de control de LC: n 81055534
040 ## - FUENTE DE LA CATALOGACIÓN
- Centro catalogador/agencia de origen: DO-SdBNP
- Lengua de catalogación: spa
- Centro/agencia transcriptor: BNPHU
- Normas de descripción: rda
100 1# - ENCABEZAMIENTO-NOMBRE DE PERSONA
- Nombre de persona: Pérez, Carlos Federico,
- Fechas asociadas al nombre: 1912-1984
375 ## - GÉNERO/SEXO
- Género/Sexo: Masculino
377 ## - LENGUA/LENGUAJE ASOCIADO
- Código del idioma: spa
- Término de lengua/lenguaje: Español
378 ## - FORMA COMPLETA/DESARROLLADA DEL NOMBRE
- Forma completa/desarrollada del nombre: Pérez y Pérez
400 1# - TRAZADO DE VÉASE--NOMBRE DE PERSONA
- Nombre de persona: Pérez y Pérez, Carlos Federico
670 ## - FUENTE DE DATOS ENCONTRADOS
- Cita de la fuente: Diaz Ordóñez, Virgilio, 1895-1968 21766, Poesías completas /, 1980.
670 ## - FUENTE DE DATOS ENCONTRADOS
- Cita de la fuente: Ėvolución poética dominicana, 1956.
670 ## - FUENTE DE DATOS ENCONTRADOS
- Cita de la fuente: El pensamiento y la acción en la vida de Juan Pablo Duarte, 2013
670 ## - FUENTE DE DATOS ENCONTRADOS
- Identificador Uniforme del Recurso: https://authorities.loc.gov/cgi-bin/Pwebrecon.cgi?AuthRecID=988910&v1=1&HC=1&SEQ=20240222123629&PID=I8ZL1yVgg3yncMJPmZYe86hoN48ZI
